Balonmano: entrenamiento, técnica y táctica
Guardat en:
| Autor principal: | |
|---|---|
| Format: | Llibre |
| Idioma: | espanyol |
| Publicat: |
Barcelona
Martínez Roca
1993
|
| Col·lecció: | Colección Deportes
|
| Matèries: | |
| Etiquetes: |
Afegir etiqueta
Sense etiquetes, Sigues el primer a etiquetar aquest registre!
|
MARC
| LEADER | 00000nam a2200000 a 4500 | ||
|---|---|---|---|
| 001 | UCX7582 | ||
| 003 | CL-VaPUC | ||
| 008 | 931216e19930000SP |||||||||||||||||spa|d | ||
| 082 | 0 | 4 | |a 796.31 |b TRO |2 21 |
| 100 | 0 | |a Trosse, Hans-Dieter |e author |9 324470 | |
| 245 | 1 | 0 | |a Balonmano: entrenamiento, técnica y táctica |
| 300 | |a 242 p | ||
| 942 | |c BK | ||
| 945 | |d 19931216 00:00:00 |a rbrito | ||
| 260 | |a Barcelona |b Martínez Roca |c 1993 | ||
| 650 | 7 | |a HANDBOL |2 CL-VaPUC |9 324471 | |
| 583 | |a last modification |c 19931216 00:00:00 |k Rodrigo Vera | ||
| 490 | 0 | |a Colección Deportes | |
| 999 | |c 227372 |d 227370 | ||
| 952 | |0 0 |1 0 |4 0 |6 796_310000000000000_TRO_1993 |7 0 |8 A |9 226330 |a BIBEDU |b BIBEDU |d 2019-11-15 |i 2954656 |o 796.31 TRO 1993 |p 2954656 |r 2019-11-15 |w 2019-11-15 |y BK |k EFI | ||